000 00531 a2200205 4500
005 20260206113635.0
008 260206b |||||||| |||| 00| 0 eng d
020 _a9781138572775
_c£ 42.99
040 _aMAIN
082 _a394.2068
_bR952M
100 _a Ryan, W Gerard
245 _aManaging international events
260 _bRoutledge
_c2021
_aNew York
300 _axix, 346
650 _aPublic Occasions
650 _aCeremonies
650 _aFestivals and Events
650 _aInternational Events
942 _cBK
999 _c395558
_d395558